书目信息 |
| 题名: |
社会资本与管理学
|
|
| 作者: | 郭毅 , 罗家德 主编 | |
| 分册: | ||
| 出版信息: | 上海 华东理工大学出版社 2007.01 |
|
| 页数: | 392页 | |
| 开本: | 24cm | |
| 丛书名: | 管理学人伦丛 | |
| 单 册: | ||
| 中图分类: | F014.39 | |
| 科图分类: | ||
| 主题词: | 管理社会学--guan li she hui xue--研究 , 社会资本--she hui zi ben--研究 | |
| 电子资源: | ||
| ISBN: | 978-7-5628-2013-0 | |
| 000 | 01080nam 2200289 450 | |
| 001 | 012007201000 | |
| 005 | 20071010111231.59 | |
| 010 | @a978-7-5628-2013-0@dCNY36.00 | |
| 100 | @a20070813d2007 km y0chiy0120 ea | |
| 101 | 0 | @achi |
| 102 | @aCN@b310000 | |
| 105 | @aa a 000yy | |
| 200 | 1 | @a社会资本与管理学@Ashe hui zi ben yu guan li xue@d= Social capital and management@f郭毅, 罗家德主编@Fguo yi,luo jia de zhu bian@zeng |
| 210 | @a上海@c华东理工大学出版社@d2007.01 | |
| 215 | @a392页@c图@d24cm | |
| 225 | 2 | @a管理学人伦丛@Aguan li xue ren lun cong |
| 320 | @a有书目。 | |
| 330 | @a社会资本及其社会网分析是当代国际社会科学界的研究热点,近年来在管理学受到了普通的重视。本书收集了华人社会学者和管理学者的相关研究论文以及方法应用等。 | |
| 410 | 0 | @12001 @a管理学人伦丛 |
| 510 | 1 | @aSocial capital and management@zeng |
| 606 | 0 | @a管理社会学@Aguan li she hui xue@x研究 |
| 606 | 0 | @a社会资本@Ashe hui zi ben@x研究 |
| 690 | @aF014.39@v4 | |
| 701 | 0 | @a郭毅@Aguo yi@4主编 |
| 701 | 0 | @a罗家德@Aluo jia de@4主编 |
| 801 | 0 | @aCN@c20071010 |
| 905 | @dF014.39@eG863 | |
| 社会资本与管理学= Social capital and management/郭毅, 罗家德主编.-上海:华东理工大学出版社,2007.01 |
| 392页:图;24cm.-(管理学人伦丛) |
| ISBN 978-7-5628-2013-0:CNY36.00 |
| 社会资本及其社会网分析是当代国际社会科学界的研究热点,近年来在管理学受到了普通的重视。本书收集了华人社会学者和管理学者的相关研究论文以及方法应用等。 |
| ● |
| 相关链接 |
|
|
|
正题名:社会资本与管理学
索取号:F014.39/G863
 
预约/预借
| 序号 | 登录号 | 条形码 | 馆藏地/架位号 | 状态 | 备注 |
| 1 | 252139 | 202521397 | 社科库409/409社科库 62排3列2层/ [索取号:F014.39/G863] | 在馆 |